Paroles - Partenaire Particulier - Partenaire Particulier - Statistiques

Statistiques générales
  • Ce quiz a été pris 191 fois
  • Le résultat moyen est 213 sur 258
Statistiques - réponses
Réponse % Correct
de
100%
un
100%
cherche
99%
Cherche
99%
et
98%
Et
98%
par
98%
pas
96%
Partenaire
95%
partenaire
95%
particulier
94%
bonne
93%
la
93%
une
93%
à
92%
dose
92%
particulière
92%
Qui
91%
qui
91%
savoir-faire
91%
Savoir-faire
91%
Je
90%
je
90%
ce
89%
Ce
89%
suis
89%
cette
88%
Cette
88%
fille
88%
me
88%
recherche
88%
Mais
87%
trop
87%
être
86%
non
86%
tant
86%
trouver
86%
trouverai
86%
vérité
86%
Alors
84%
timide
84%
d'une
83%
tente
82%
banalité
81%
ai
80%
peu
80%
aventure
78%
si
78%
sorte
76%
simplement
73%
Débloquée
68%
manque
68%
dans
66%
en
66%
assez
58%
J'en
58%
ces
55%
toutes
54%
rester
53%
que
52%
finit
51%
Ils
50%
s'y
50%
ennuyer
49%
rond
49%
finis
47%
l'on
47%
tourner
46%
n'est
45%
carcan
43%
horizons
43%
m'enferme
43%
règles
43%
disent
41%
nouveaux
41%
Parfois
41%
parfois
41%
sont
38%
Vous
38%
difficiles
36%
avouer
35%
eux
34%
norme
33%
parmi
33%
dois
32%
moi
32%
tels
32%
comprendrez
31%
péchés
29%
autour
24%
coincés
7%
Aucun quiz correspondant
Distribution des résultats
% des personnes avec chaque résultat
Percentile par nombre de réponses
Votre historique - résultats
Vous n’avez pas pris ce quiz